Slovensko pri implementácii Agendy 2030 a jej cieľov udržateľného rozvoja dizertačná práca

Enregistré dans:
Détails bibliographiques
Auteur principal: Sulejmani, Dagmar, 1975-
Collectivité auteur: Fakulta medzinárodných vzťahov EU. Katedra medzinárodného práva
Autres auteurs: Brocková, Katarína, 1976-
Format: Livre
Langue:slovaque
Publié: Bratislava 2022
Sujets:
Tags: Ajouter un tag
Pas de tags, Soyez le premier à ajouter un tag!

MARC

LEADER 00000nbm a2200000 4500
001 0287429
005 20230302100410.4
041 0 |a slo 
044 |a SK 
245 1 0 |a Slovensko pri implementácii Agendy 2030 a jej cieľov udržateľného rozvoja  |b dizertačná práca  |c Dagmar Sulejmani ; školiteľ: Katarína Brocková 
264 1 |a Bratislava  |c 2022 
300 |a 108 s. 
610 2 0 |a rast hospodársky 
610 2 0 |a rozvoj trvalo udržateľný 
610 2 0 |a implementácia 
610 2 0 |a Slovensko 
100 1 |a Sulejmani, Dagmar, 1975- 
700 1 |a Brocková, Katarína, 1976- 
710 2 |a Fakulta medzinárodných vzťahov EU. Katedra medzinárodného práva